| 000 | 00565nam a2200181Ia 4500 | ||
|---|---|---|---|
| 008 | 090124s9999 xx 000 0 und d | ||
| 082 | _b41278 | ||
| 100 | _aपाटील नेताजी | ||
| 245 | _a आठवणीचं वारुळ | ||
| 250 | _a1 | ||
| 260 |
_bअनघा प्रकाशन _c2004 |
||
| 300 | _a87 | ||
| 600 | _aपाटील नेताजी | ||
| 630 | _a आठवणीचं वारुळ | ||
| 700 | _aपाटील नेताजी | ||
| 730 | _a आठवणीचं वारुळ | ||
| 942 | _cBOOK | ||
| 999 |
_c107419 _d107419 |
||